The highest God. (Record no. 5049)

000 -LEADER
fixed length control field 00580nam a2200193 a 4500
001 - CONTROL NUMBER
control field :::00002790$&:&@@
003 - CONTROL NUMBER IDENTIFIER
control field OkBaRHE
005 - DATE AND TIME OF LATEST TRANSACTION
control field 20000607103257.0
008 - FIXED-LENGTH DATA ELEMENTS--GENERAL INFORMATION
fixed length control field s1949 j 000 0 eng u
040 ## - CATALOGING SOURCE
Transcribing agency
100 1# - MAIN ENTRY--PERSONAL NAME
Personal name Chambers, Oswald.
245 14 - TITLE STATEMENT
Title The highest God.
260 ## - PUBLICATION, DISTRIBUTION, ETC. (IMPRINT)
Place of publication, distribution, etc London, UK:EN., :
Name of publisher, distributor, etc Simpkin Marshall
Date of publication, distribution, etc 1949
300 ## - PHYSICAL DESCRIPTION
Extent 46 p.
650 ## - SUBJECT ADDED ENTRY--TOPICAL TERM
Topical term or geographic name as entry element Bible Old Testament Psalms
General subdivision Commentaries
650 ## - SUBJECT ADDED ENTRY--TOPICAL TERM
Topical term or geographic name as entry element Redemption Biblical Teaching
942 ## - ADDED ENTRY ELEMENTS (KOHA)
Source of classification or shelving scheme
Koha item type Books
Copies
Source of classification or shelving scheme Permanent Location Full call number Price effective from Koha item type Date acquired Damaged status Withdrawn status Lost status Not for loan Date last seen Shelving location Copy number Barcode
 RHEMA Bible Training CollegeBS 2417 .E8C52010-04-14Books2010-04-14    2018-03-16General Stacks12790